=LDR 00000nam 2200000 4500 =001 INLIS000000000033809 =005 20130612135737 =008 ***********************************ind** =035 ##$$0010-061300000033809 =041 ##$$a ind =082 ##$$a 657.838 =090 ##$$a 657.838, bas,s =100 ##$$a Bastian, indra =245 ##$$a Sistem akutansi sektor publik, Indra Bastian =260 ##$$a 2007 $b Jakarta =300 ##$$a xviii, 537 hlm, ilus, 26 cm =650 ##$$a Akutansi pulik =850 ##$$a NBPNMAT =990 ##$$a 92176/BPAP-NTB/2014 =990 ##$$a 92177/BPAP-NTB/2014 =990 ##$$a 0001/BPAP-NTB/20142015